ARRUPE JESUIT UNIVERSITY

CORONAVIRUS -STOP THE SPREAD - CLEAN,DISINFECT,COVER

The World Bank : (Record no. 124911)

MARC details
000 -LEADER
fixed length control field 00878cam a2200313 a 4500
001 - CONTROL NUMBER
control field 108252
003 - CONTROL NUMBER IDENTIFIER
control field ARRUPE
005 - DATE AND TIME OF LATEST TRANSACTION
control field 20160811113624.0
008 - FIXED-LENGTH DATA ELEMENTS--GENERAL INFORMATION
fixed length control field 821018s1982 nyu b 001 0 eng
010 ## - LIBRARY OF CONGRESS CONTROL NUMBER
LC control number 81084738
020 ## - INTERNATIONAL STANDARD BOOK NUMBER
International Standard Book Number 0853456011
020 ## - INTERNATIONAL STANDARD BOOK NUMBER
International Standard Book Number 085345602X (pbk.)
035 ## - SYSTEM CONTROL NUMBER
System control number (OCoLC)8906780
035 ## - SYSTEM CONTROL NUMBER
System control number (OCoLC)ocm08906780
035 ## - SYSTEM CONTROL NUMBER
System control number (CStRLIN)NYCG82-B50944
035 ## - SYSTEM CONTROL NUMBER
System control number (NNC)108252
040 ## - CATALOGING SOURCE
Transcribing agency Arrupe
050 0# - LIBRARY OF CONGRESS CALL NUMBER
Classification number HG3881
Item number .P37 1982
082 0# - DEWEY DECIMAL CLASSIFICATION NUMBER
Classification number 332.1/532
Edition number 19
090 ## - LOCALLY ASSIGNED LC-TYPE CALL NUMBER (OCLC); LOCAL CALL NUMBER (OCLC)
Classification number (OCLC) (R) ; Classification number, CALL (RLIN) (NR) HG3881
Local cutter number (OCLC) ; Book number/undivided call number, CALL (RLIN) .P37 1982
300 ## - PHYSICAL DESCRIPTION
Dimensions 21 cm.
100 1# - MAIN ENTRY--PERSONAL NAME
Personal name Payer, Cheryl,
Dates associated with a name 1940-
9 (RLIN) 24787
245 14 - TITLE STATEMENT
Title The World Bank :
Remainder of title a critical analysis /
Statement of responsibility, etc Cheryl Payer.
260 ## - PUBLICATION, DISTRIBUTION, ETC. (IMPRINT)
Place of publication, distribution, etc New York :
Name of publisher, distributor, etc Monthly Review Press,
Date of publication, distribution, etc c1982.
300 ## - PHYSICAL DESCRIPTION
Extent 414 p. ;
504 ## - BIBLIOGRAPHY, ETC. NOTE
Bibliography, etc Includes bibliographical references and index.
610 20 - SUBJECT ADDED ENTRY--CORPORATE NAME
Corporate name or jurisdiction name as entry element World Bank.
9 (RLIN) 10370
942 ## - ADDED ENTRY ELEMENTS (KOHA)
Source of classification or shelving scheme Library of Congress Classification
Koha item type Monograph ( Printed materials)
Holdings
Withdrawn status Lost status Source of classification or shelving scheme Damaged status Not for loan Collection code Home library Current library Shelving location Date acquired Total Checkouts Full call number Barcode Date last seen Price effective from Koha item type
    Library of Congress Classification     Main Collection ARRUPE LIBRARY ARRUPE LIBRARY Main Collection 11/08/2016   HG3881 .P37 1982 46500010482 30/04/2018 11/08/2016 Monograph ( Printed materials)

 

Arrupe Library. PO Box MP320 Mt Pleasant, Harare, Zimbabwe
263 242 745411|librarian@aju.ac.zw